000 00619nam a2200241Ia 4500
003 OSt
005 20220924141524.0
006 a|||||r|||| 00| 0
007 ta
008 220923b |||||||| |||| 00| 0 ben d
024 _a298525
037 _cTextual
040 _aARTS
_cARTS
_bben
041 _2ben
_aben
082 _aO5921,2NSOR,1, 157M8
100 _aSoresko
_9212251
245 0 _aIona
260 _c1988
650 _aENGLISH LITERATURE
700 _a Basu Amita Tr.
_9212252
942 _hO5921,2NSOR,1, 157M8
_cTEXL
_2CC
999 _c447520
_d447520